Handbook of rights of persons with disabilities act, 2016: A brief description of 21 disabilities (Record no. 8781)

MARC details
000 -LEADER
fixed length control field 00541nam a2200169Ia 4500
008 - FIXED-LENGTH DATA ELEMENTS--GENERAL INFORMATION
fixed length control field 230917s9999||||xx |||||||||||||| ||und||
020 ## - ISBN
Price RS 1100.00
040 ## - CATALOGING SOURCE
-- 5006343
Original cataloging agency VIVEKANANDA LIBRARY
041 ## - Language
-- English
082 ## - DDC NUMBER
Classification number 342.54087 D696H
100 ## - MAIN ENTRY--PERSONAL NAME
Personal name Dolly Singh
245 #0 - TITLE STATEMENT
Title Handbook of rights of persons with disabilities act, 2016: A brief description of 21 disabilities
260 ## - PUBLICATION, DISTRIBUTION, ETC. (IMPRINT)
Place of publication, distribution, etc New Delhi
Name of publisher, distributor, etc Kanishka Publishers, Distributors
Date of publication, distribution, etc 2020
300 ## - PHYSICAL DESCRIPTION
Pages viii, 360 p.
500 ## - GENERAL NOTE
General note 5055 31/01/2023 KPD21/432 23/11/2021 Main Budget
942 ## - ADDED ENTRY ELEMENTS (KOHA)
Koha item type Books
Holdings
Withdrawn status Lost status Damaged status Not for loan Location (home branch) Sublocation or collection (holding branch) Date acquired Koha issues (times borrowed) Koha full call number Accession No. Koha date last seen Koha item type Shelving location
        VIVEKANANDA LIBRARY VIVEKANANDA LIBRARY 16/12/2021   342.54087 D696H 397778 17/09/2023 Books  
        VIVEKANANDA LIBRARY VIVEKANANDA LIBRARY 16/12/2021   342.54087 D696H 407120 17/09/2023 Books Centre for Disability Studies
        VIVEKANANDA LIBRARY VIVEKANANDA LIBRARY 16/12/2021   342.54087 D696H 407121 17/09/2023 Books Centre for Disability Studies
        VIVEKANANDA LIBRARY VIVEKANANDA LIBRARY 16/12/2021   342.54087 D696H 407122 17/09/2023 Books Centre for Disability Studies
        VIVEKANANDA LIBRARY VIVEKANANDA LIBRARY 16/12/2021   342.54087 D696H 407123 17/09/2023 Books Centre for Disability Studies
        VIVEKANANDA LIBRARY VIVEKANANDA LIBRARY 16/12/2021   342.54087 D696H 407124 17/09/2023 Books Centre for Disability Studies
© Designed and Maintained by Vivekananda Library, MDU Rohtak